书目信息 |
| 题名: |
古代民歌一百首
|
|
| 作者: | 商礼群 著 | |
| 分册: | ||
| 出版信息: | 上海 上海古籍出版社 1979.11 |
|
| 页数: | 139页 | |
| 开本: | 19cm | |
| 丛书名: | ||
| 单 册: | ||
| 中图分类: | I222.6 | |
| 科图分类: | ||
| 主题词: | 乐府诗 | |
| 电子资源: | ||
| ISBN: | ||
| 000 | 00549nam0 2200205 45 | |
| 001 | 0307020911 | |
| 005 | 20060912082307.37 | |
| 010 | @dCNY0.35 | |
| 091 | @a10186.120 | |
| 100 | @a20030702d1979 km y0chiy0120 ea | |
| 101 | 0 | @achi |
| 200 | 1 | @a古代民歌一百首@AGu Dai Min Ge Yi Bai Shou@f商礼群著@FShang Li Qun Zhu |
| 210 | @a上海@c上海古籍出版社@d1979.11 | |
| 215 | @a139页@d19cm | |
| 300 | @a中国古典文学作品选读 | |
| 606 | 0 | @a乐府诗 |
| 690 | @aI222.6@v3 | |
| 701 | 0 | @a商礼群@4著 |
| 801 | @aCN@bTSTC@c20060912 | |
| 905 | @dI222.6@e100@b178799@f1 | |
| 古代民歌一百首/商礼群著.-上海:上海古籍出版社,1979.11 |
| 139页;19cm |
| 中国古典文学作品选读 |
| ISBN :CNY0.35 |
| ● |
| 相关链接 |
|
|
|
|
正题名:古代民歌一百首
索取号:I222.6/100
 
预约/预借
| 序号 | 登录号 | 条形码 | 馆藏地/架位号 | 状态 | 备注 |
| 1 | 0068297 | 000972996 | 密集书库/ [索取号:I222.6/100] | 在馆 | |
| 2 | 0068298 | 000973049 | 第二借阅区/ [索取号:I222.6/100] | 在馆 | |
| 3 | 0068299 | 000973307 | 密集书库/ [索取号:I222.6/100] | 在馆 | |
| 4 | 0068300 | 000973003 | 密集书库/ [索取号:I222.6/100] | 在馆 | |
| 5 | 0068301 | 000972987 | 第一样本阅览室/ [索取号:I222.6/100] | 在馆 | |
| 6 | 0178797 | 000972978 | 密集书库/ [索取号:I222.6/100] | 在馆 | |
| 7 | 0178798 | 000973030 | 第二借阅区/ [索取号:I222.6/100] | 在馆 | |
| 8 | 0178799 | 002011156 | 第二借阅区/ [索取号:I222.6/100] | 在馆 | |
| 9 | 0474426 | 204744269 | 密集书库/ [索取号:I222.6/100] | 在馆 | |
| 10 | 0474665 | 204746659 | 密集书库/ [索取号:I222.6/100] | 在馆 |